|
|
|
|
| LEADER |
00000cam a2200000 7i4500 |
| 001 |
0000003526 |
| 002 |
000003796 |
| 005 |
20011106.0 |
| 020 |
|
|
|a 9838930768
|
| 090 |
0 |
0 |
|a F
|b FAT
|
| 100 |
0 |
|
|a Fatimah
|a binti
|a Kassim
|
| 245 |
1 |
0 |
|a Garis-garis senja
|c Fatimah Kassim
|
| 260 |
|
|
|a Kuala Lumpur :
|b Creative Enterprise ,
|c 1992
|
| 300 |
|
|
|a 141p. ;
|c 17cm.
|
| 490 |
0 |
|
|a Novel remaja creative
|
| 650 |
0 |
0 |
|a Love stories
|
| 700 |
0 |
|
|a Mali jaafar ,
|e ill
|
| 999 |
|
|
|a 031911
|b BUKU
|c YOUTH FICTION
|e PERPUSTAKAAN KOMUNITI PETALING JAYA
|
| 999 |
|
|
|a 031912
|b BUKU
|c YOUTH FICTION
|e PERPUSTAKAAN KOMUNITI PETALING JAYA
|
| 999 |
|
|
|a 031913
|b BUKU
|c YOUTH FICTION
|e PERPUSTAKAAN KOMUNITI PETALING JAYA
|